Score 0/28 Timer 01:30
0 Plays Today
% Correct
Australia
95.1%
United States
92.4%
Canada
90.7%
China
86.9%
Brazil
85.8%
Turkey
84.7%
New Zealand
83.1%
India
81.7%
United Arab Emirates
80.1%
Vietnam
79.6%
Switzerland
79.4%
Belize
79.3%
South Africa
76.4%
Morocco
71.9%
% Correct
Nigeria
62.2%
Pakistan
57.8%
Sri Lanka
45.6%
Tanzania
39.4%
Kazakhstan
32.1%
Myanmar
30.4%
Bolivia
28.5%
Cyprus
28.4%
Ecuador
27.7%
Côte d'Ivoire
23.9%
Liechtenstein
19.1%
Cameroon
16.2%
San Marino
14.9%
Benin
12.2%
Remove Ads.
Support Sporcle.
Get the best of Sporcle when you Go Orange. This ad-free experience offers more features, more stats, and more fun while also helping to support Sporcle. Thank you for becoming a member.

You're not logged in!

Compare scores with friends on all Sporcle quizzes.
OR
Log In

Show Comments

Extras

Top Quizzes Today


Score Distribution

Your Account Isn't Verified!

In order to create a playlist on Sporcle, you need to verify the email address you used during registration. Go to your Sporcle Settings to finish the process.

Report this User

Report this user for behavior that violates our Community Guidelines.

Details: